| 000 | 01110nam a2200301 i 4500 | ||
|---|---|---|---|
| 003 | EG-ScBUE | ||
| 005 | 20231108121113.0 | ||
| 008 | 180110s2014 le f 000 0aara d | ||
| 020 | _a9786144322420 | ||
| 040 |
_aEG-ScBUE _bara _erda _cEG-ScBUE _dEG-ScBUE |
||
| 043 | _aa-ts--- | ||
| 082 | 0 | 4 |
_a371.1095357 _bع ب د _222 |
| 100 | 1 |
_aعبد الله، عبد الخالق، _eمؤلف. |
|
| 245 | 1 | 0 |
_aاعترافات أكاديمي متقاعد / _cد. عبد الخالق عبد الله. |
| 250 | _aالطبعة الأولى. | ||
| 264 | 1 |
_aبيروت : _bدار الفارابي، _c2014. |
|
| 300 |
_a284 صفحة ؛ _c22 سم |
||
| 336 |
_2rdacontent _aنص _btxt |
||
| 337 |
_aبدون وسيط _2rdamedia _bn |
||
| 338 |
_aمجلد _bnc _2rdacarrier |
||
| 541 |
_aد. محمد شومان ؛ _cإهداء ؛ |
||
| 600 | 1 | 7 |
_aعبد الله، عبد الخالق _vيوميات. _2BUEsh |
| 650 | 7 |
_aهيئات التدريس _zالإمارات العربية المتحدة _vتراجم. _2BUEsh |
|
| 651 | _2BUEsh | ||
| 653 |
_bGGEN _cJanuary2018 |
||
| 655 | _vReading book | ||
| 942 | _2ddc | ||
| 999 |
_c25924 _d25896 |
||